Statistics for Countries of Europe in 1815

Click here to take the quiz!

General Stats

  • This quiz has been taken 25 times
  • The average score is 22 of 44

Answer Stats

Country% Correct
Great Britain and Ireland
100%
Russia
100%
Spanish Empire
100%
France
96%
Netherlands
96%
Sweden
96%
Austrian Empire
92%
Norway
92%
Portugal
92%
Denmark
88%
Ottoman Empire
88%
Prussia
84%
Andorra
76%
Luxembourg
76%
Liechtenstein
68%
Swiss Confederation
68%
Monaco
64%
San Marino
64%
Papal States
60%
Bremen
56%
Hanover
52%
Hamburg
48%
Saxony
44%
Tuscany
44%
Sardinia
40%
Baden
36%
Frankfurt
32%
Hesse
32%
Montenegro
32%
Württemberg
32%
Bavaria
20%
Mecklenburg
20%
Lucca
16%
Oldenburg
16%
Parma
16%
Two Sicilies
16%
Anhalt
12%
Modena
12%
Nassau
12%
Brunswik
8%
Hohenzollern
4%
Cracow
0%
Electorate of Hesse
0%
Saxe-Weimar-Eisenach
0%

Score Distribution

Percentile by Number Answered

Percent of People with Each Score

Your Score History

You have not taken this quiz